Quizzes
Events
Quiz Creation
Community
Videos
Private Events
Remove Ads
Sign In
Join for FREE
Feedback
Dark Mode
Quiz Categories
Sports
Geography
Music
Movies
Television
Just For Fun
Miscellaneous
History
Literature
Language
Science
Gaming
Entertainment
Religion
Holiday
For Kids
Quiz Lab
Recent
Popular Today
Quiz Kudos Today
Editor Picks
Curator Picks
Quizzes by...
Day
Popularity
Type
Ratings
Length
Year
Community
Subscriptions
Recent Discussions
Orange Saloon
Badges
Playlists
Quests
Create
Leaderboards
Showdown
Live 5
Trivia Bingo
Activity
Puzzle Library
Sporcle Events
Private Events
Virtual Trivia
Globe League
Become a Host
Pub Owners
SporcleCon
Opinionation
Our Games
Videos
Blog
Mobile Apps
Partnerships
Remove Ads and Go Orange
Feedback
Sports
Athletes
MLB
NBA
NHL
NFL
Soccer
Sports Teams
WWE
NCAA
Football
Premier League
Basketball
Baseball
Hockey
Golf
Tennis
Cricket
Rugby
Auto Racing
Olympics
World Cup
Sports
Athletes
MLB
NBA
NHL
NFL
Soccer
Sports Teams
WWE
NCAA
Football
Premier League
Basketball
Baseball
Hockey
Golf
Tennis
Cricket
Rugby
Auto Racing
Olympics
World Cup
Random Quiz
Search Sporcle
×
Quiz Lab
Quiz Lab
Sports
WWE
Type in answers that appear in a list
Type in answers that appear in a list
Classic
Best Score? Go Orange.
WWE Alternate Gimmicks Stats
Can you name the wrestler, based on the alternate (lesser known) gimmick provided?
By
rhymenoceraus
5m
28 Questions
3,011 Plays
3,011 Plays
3,011 Plays
Comments
Comments
Give Quiz Kudos
Give Quiz Kudos
-
- Ratings
hide this ad
Forced Order
Answers have to be entered in order
Answers have to be entered in order
Replay
Link that replays current quiz
Next Quiz
Link to next quiz in quiz playlist
You Got
0%
They Got
Avg Score
77%
Avg Friend Score
Upgrade to see
Score Distribution
Jump to the score distribution portion of the page
Score
0/28
Timer
05:00
0
Plays Today
Alternate Gimmick
Wrestler
% Correct
Dude Love
Mankind
95.2%
1-
2-
3 Kid
X-Pac
94%
Diesel
Kevin Nash
93.9%
Razor Ramon
Scott Hall
91.5%
Hunter Hearst Helmsley (This one's a gimme)
Triple H
90.2%
The Giant
The Big Show
89.8%
Isaac Yankem, D.D.S.
Kane
88.5%
Dustin Runnels
Goldust
88.1%
Blackjack Bradshaw
JBL
87.2%
Davey Boy Smith
British Bulldog
85.6%
Mean Mark Callous
The Undertaker
85.3%
The Ringmaster
Stone Cold Steve Austin
84.9%
Fit Finlay
Finlay
84.1%
Ken Kennedy
Mr. Kennedy
83.2%
Alternate Gimmick
Wrestler
% Correct
The Blue Blazer
Owen Hart
82.1%
Papa Shango
The Godfather
77.2%
King Mabel
Viscera
76.9%
Chainsaw Charlie
Terry Funk
76%
The Rocker (Tag Team name)
Shawn Michaels
73.6%
Sid Justice
Sycho Sid
73.5%
Jamal
Umaga
69.3%
The Roadie
Road Dogg
66.3%
Thurman 'Sparky' Plugg
Hardcore Holly
65.4%
Percy Pringle
Paul Bearer
62%
Marlena
Terri
55.6%
Meng
Haku
52.7%
Vincent
Virgil
51.1%
Dok Hendrix
Michael P.S. Hayes
47.5%
Quiz Playlist
Details
Report
Send in Message
Add To Playlist
Classic:
Type in answers that appear in a list
Forced Order:
Answers have to be entered in order
Last Updated: May 12, 2017
Quiz Scoreboard
CHALLENGE
Sign Up to Join the Scoreboard
Show All
Scores
Hide
Comments
May contain spoilers
Recently Published
Click the 1999 NBA Draft
by nibperrychub
Sports
2m
Alphabetical 'K' Countries by Flag Minefield
by ylime102
Geography
3m
Pick 6: Fruits
by JohnFran
Miscellaneous
15s
More to Explore
Quiz From the Vault
Featured Blog Post
15 Basketball Trivia Facts You Can Be March Mad About
hide this ad
You Might Also Like...
Tags
WWE Quiz
Alternate
gimmick
Known
Lesser
Provided
Wrestlers
Today's Top Quizzes in Sports
Browse Sports
hide this ad
Today's Top Quizzes in WWE
Browse WWE
Top Contributed Quizzes in Sports
1
Les joueurs à 100 buts en Ligue 1 Uber Eats
2
Pick 6: NFL Teams
3
MLB 2 truths and a lie: Hall of Fame pitchers
4
2022 World Cup Stars
5
Criteria MLB: Left Handed Sluggers
6
Millionaire: NBA Finals Edition
7
Pick 6: Minor League Baseball
8
Click the 1998 NBA Draft
9
Don't Strike Out: 3000 Strikeouts
10
Pick 6: Olympics
Explore More
Trending Topics
Anime
Disney
Crossword
Marvel
Kpop
Harry Potter
NBA
Country
Puzzle
NFL
Pokémon
WWE
Soccer
Song
The Office
hide this ad
More By:
rhymenoceraus
Quiz
Plays
Rating
Category
Featured
Created
Greek Mythology in Society
108,122
4.30
Entertainment
Jan 9, 2010
WWE Alternate Gimmicks
3,011
1.69
Sports
Nov 29, 2009
Championship Chicago Bulls Players
1,119
4.17
Sports
Nov 27, 2009
Wrestling Nicknames
792
3.25
Sports
Dec 2, 2009
Chicago White Sox Fifth Starters 90-09
101
Sports
Feb 12, 2010
Go to Creator's Profile
Score Distribution
Quiz Creator Spotlight
rhymenoceraus
Follow
Send a Message
Quizzes Created
-
Created Quiz Play Count
-
More By This Creator
Popular Quizzes Today
1
Countries of Asia Without Outlines Minefield
2
Find the US States - No Outlines Minefield
3
Pick 6: Fruits
4
Alphabetical 'K' Countries by Flag Minefield
5
The Countries of the World
6
Find the US States
7
US States
8
Match the Book to the Film X
More Sports Quizzes
Spain national football team squads
Quiz Lab
Trending Quizzes
Pick 6: Harry Potter
Pick 6: Mountains
Pick 6: NFL Teams
Pick 6: Flags
Pick 6: Movie Franchises
Recently Updated
NWSL Teams
pecheneg
Women's Final Four Teams by Year
bhenderson79
Presidents Quartet II
eogle
Anything But Clue(do)
eogle
Anything But Oceanian Capitals
eogle
Anything But 7
eogle
Anything But Thing
eogle
Word Ladder: February 29
pecheneg
Song Title Questions
pecheneg
Women's NCAA Tournament #1 Seeds
pecheneg
Trending Topics
Marvel
NBA
Disney
Anime
Crossword
Kpop
Harry Potter
The Office
WWE
Pokémon
Soccer
Song
NFL
Puzzle
Country
Your Account Isn't Verified!
In order to create a playlist on Sporcle, you need to verify the email address you used during registration. Go to your
Sporcle Settings
to finish the process.
Report this User
Report this user for behavior that violates our
Community Guidelines
.
Details:
Send Report
Go to the Sporcle.com Mobile Site →
Comments